Famous Ocean Liners - Statistics

General Stats
  • This quiz has been taken 247 times
  • The average score is 10 of 16
Answer Stats
Picture Answer % Correct
RMS Britannic
98%
RMS Lusitania
89%
RMS Queen Mary
88%
RMS Titanic
74%
RMS Queen Mary 2
73%
RMS Queen Elizabeth
66%
SS United States
64%
RMS Queen Elizabeth 2
63%
RMS Olympic
59%
SS Normandie
57%
SS Andrea Doria
55%
RMS Mauritania
53%
SS Atlantic
44%
SS Kaiser Wilhelm der Grosse
36%
MV Wilhelm Gustloff
32%
RMS Empress of Ireland
32%
No matching quizzes found
Score Distribution
Percent of People with Each Score
Percentile by Number Answered
Your Score History
You have not taken this quiz